000
00336 a2200169 4500
001
58677
020
_a
852621604X
040
_c
Anchieta - Pituba
100
_a
Barreto, Lima
240
1
0
_a
Cidade
_l
por
245
1
0
_a
Cidade
300
_a
107
362
0
_a
1990
440
1
_a
Scipione
650
4
_a
Ficção brasileira
942
_c
BK
999
_c
58677
_d
58677